Central Library OPAC University of Rajshahi

Not work alone : (Record no. 11504)

MARC details
000 -LEADER
fixed length control field 00895nam a2200277 a 4500
001 - CONTROL NUMBER
control field 11504
003 - CONTROL NUMBER IDENTIFIER
rucl marc code BD-RjUL
005 - DATE AND TIME OF LATEST TRANSACTION
control field 20211208235134.0
008 - FIXED-LENGTH DATA ELEMENTS--GENERAL INFORMATION
fixed length control field 161204s1980 cua 001 0 eng d
020 ## - INTERNATIONAL STANDARD BOOK NUMBER
International Standard Book Number 0851171850
035 ## - SYSTEM CONTROL NUMBER
System control number OCLC ocm06563009 from D960612M
-- (BD-RjUL)11553
040 ## - CATALOGING SOURCE
Original cataloging agency OSU
Transcribing agency OSU
Modifying agency EQO
-- BD-RjUL
Language of cataloging eng
041 ## - LANGUAGE CODE
Language code of text/sound track or separate title eng
082 ## - DEWEY DECIMAL CLASSIFICATION NUMBER
Classification number 790.01
Author mark and year NOT 1980
Edition number 23
090 ## - LOCALLY ASSIGNED LC-TYPE CALL NUMBER (OCLC); LOCAL CALL NUMBER (OCLC)
Classification number (OCLC) (R) ; Classification number, CALL (RLIN) (NR) GV181.3
Local cutter number (OCLC) ; Book number/undivided call number, CALL (RLIN) .N67 1980b
245 00 - TITLE STATEMENT
Title Not work alone :
Remainder of title a cross-cultural view of activities superfluous to survival /
Statement of responsibility, etc. edited by Jeremy Cherfas & Roger Lewin
260 ## - PUBLICATION, DISTRIBUTION, ETC. (IMPRINT)
Place of publication, distribution, etc. London :
Name of publisher, distributor, etc. Temple Smith,
Date of publication, distribution, etc. c1980.
300 ## - PHYSICAL DESCRIPTION
Pagination 255 p. :
Illustrations ill. ;
Size 23 cm
504 ## - BIBLIOGRAPHY, ETC. NOTE
Bibliography, etc Includes Bibliography: p. [243]-247 and index.
650 #0 - SUBJECT ADDED ENTRY--TOPICAL TERM
Topical term or geographic name as entry element Recreation
9 (RLIN) 35584
Topical term or geographic name as entry element Play
9 (RLIN) 35585
Topical term or geographic name as entry element Manners and customs
9 (RLIN) 25140
700 1# - ADDED ENTRY--PERSONAL NAME
Personal name Cherfas, Jeremy.
Personal name Lewin, Roger.
942 ## - ADDED ENTRY ELEMENTS (KOHA)
Source of classification or shelving scheme Dewey Decimal Classification
Koha item type Books
Holdings
Lost status Source of classification or shelving scheme Damaged status Not for loan Collection code Permanent Location Current Location Shelving location Date acquired Source of acquisition Cost, normal purchase price Total Checkouts Full call number Date last seen Copy number Koha item type
  Dewey Decimal Classification   Not For Loan Non-fiction Central Library, University of Rajshahi Central Library, University of Rajshahi Reading Room 15/06/1991 Asia Foundation. 0.00   790.01 NOT 1980 27/01/2014 C-1 Books
  Dewey Decimal Classification     Non-fiction Central Library, University of Rajshahi Central Library, University of Rajshahi   15/06/1991 Asia foundation     790.01 NOT 1980 20/11/2016 C-2 Books